[Event "Campeonato de España Rapid 2017"]
[Site "Linares"]
[Date "2017.08.13"]
[Round "9"]
[White "Alonso Rosell, Alvar"]
[Black "Fedorchuk, Sergey A."]
[Result "0-1"]
[Board "4"]
[WhiteTitle "GM"]
[WhiteElo "2560"]
[WhiteCountry "ESP"]
[WhiteFideId "2270544"]
[WhiteEloChange "-3"]
[BlackTitle "GM"]
[BlackElo "2678"]
[BlackCountry "UKR"]
[BlackFideId "14102536"]
[BlackEloChange "3"]

1. d4 {[%clk 0:15:08]} Nf6 {[%clk 0:15:09]} 2. c4 {[%clk 0:15:11]} e6 {[%clk
0:15:12]} 3. g3 {[%clk 0:15:15]} Bb4+ {[%clk 0:15:15]} 4. Bd2 {[%clk 0:14:57]} a5
{[%clk 0:15:19]} 5. Bg2 {[%clk 0:14:58]} O-O {[%clk 0:15:21]} 6. e3 {[%clk
0:14:51]} d5 {[%clk 0:14:58]} 7. cxd5 {[%clk 0:14:32]} exd5 {[%clk 0:14:59]} 8.
Ne2 {[%clk 0:14:35]} Bd6 {[%clk 0:14:08]} 9. O-O {[%clk 0:14:37]} Re8 {[%clk
0:14:09]} 10. Nbc3 {[%clk 0:14:22]} c6 {[%clk 0:14:11]} 11. f3 {[%clk 0:14:05]}
Bf5 {[%clk 0:14:06]} 12. g4 {[%clk 0:11:29]} Bd3 {[%clk 0:14:03]} 13. g5 {[%clk
0:09:18]} Nh5 {[%clk 0:13:39]} 14. e4 {[%clk 0:09:15]} Qb6 {[%clk 0:07:00]} 15.
Be3 {[%clk 0:08:22]} Ba6 {[%clk 0:06:27]} 16. Rf2 {[%clk 0:07:19]} Nd7 {[%clk
0:06:19]} 17. f4 {[%clk 0:06:51]} dxe4 {[%clk 0:06:06]} 18. Nxe4 {[%clk 0:06:52]}
Bf8 {[%clk 0:06:04]} 19. N2c3 {[%clk 0:06:36]} g6 {[%clk 0:06:08]} 20. Bh3 {[%clk
0:06:21]} f5 {[%clk 0:05:51]} 21. Bxf5 {[%clk 0:04:36]} gxf5 {[%clk 0:05:55]} 22.
Qxh5 {[%clk 0:04:30]} fxe4 {[%clk 0:05:58]} 23. f5 {[%clk 0:04:34]} Bc4 {[%clk
0:04:49]} 24. Kh1 {[%clk 0:04:37]} c5 {[%clk 0:04:14]} 25. d5 {[%clk 0:03:54]}
Re5 {[%clk 0:04:04]} 26. Rg1 {[%clk 0:03:31]} Kh8 {[%clk 0:03:45]} 27. g6 {[%clk
0:02:22]} Nf6 {[%clk 0:03:49]} 28. Qh4 {[%clk 0:02:13]} Bg7 {[%clk 0:02:06]} 29.
gxh7 {[%clk 0:01:19]} Nxh7 {[%clk 0:01:47]} 30. Bf4 {[%clk 0:00:22]} Qf6 {[%clk
0:01:26]} 31. Rxg7 {[%clk 0:00:07]} Qxg7 {[%clk 0:01:24]} 32. f6 {[%clk 0:00:08]}
Qc7 {[%clk 0:01:22]} 33. Qg3 {[%clk 0:00:07]} Qf7 {[%clk 0:00:23]} 34. Bxe5
{[%clk 0:00:11]} e3 {[%clk 0:00:23]} 35. Qxe3 {[%clk 0:00:07]} Bxd5+ {[%clk
0:00:27]} 36. Kg1 {[%clk 0:00:09]} Rg8+ {[%clk 0:00:30]} 37. Kf1 {[%clk 0:00:13]}
Bc4+ 38. Ke1 {[%clk 0:00:17]} Re8 {[%clk 0:00:28]} 39. Kd2 {[%clk 0:00:17]} Qh5
{[%clk 0:00:20]} 40. Qg3 {[%clk 0:00:10]} Rd8+ {[%clk 0:00:12]} 41. Kc1 {[%clk
0:00:13]} Qh6+ {[%clk 0:00:13]} 42. Rf4 {[%clk 0:00:17]} Bf7 {[%clk 0:00:11]} 43.
Ne4 {[%clk 0:00:20]} Rg8 {[%clk 0:00:13]} 44. Nd6 {[%clk 0:00:20]} Qh5 {[%clk
0:00:14]} 45. Qg7+ {[%clk 0:00:12]} Rxg7 {[%clk 0:00:18]} 46. fxg7+ {[%clk
0:00:15]} Kg8 {[%clk 0:00:21]} 47. Nxf7 {[%clk 0:00:18]} Qxh2 {[%clk 0:00:18]}
48. Nd6 {[%clk 0:00:08]} Qh1+ {[%clk 0:00:19]} 49. Kc2 {[%clk 0:00:08]} Qg2+
{[%clk 0:00:23]} 50. Kc3 {[%clk 0:00:08]} Qd5 {[%clk 0:00:23]} 51. Rf5 {[%clk
0:00:08]} b5 {[%clk 0:00:23]} 52. Nf7 {[%clk 0:00:09]} Qe6 {[%clk 0:00:24]} 53.
Rf3 {[%clk 0:00:08]} b4+ {[%clk 0:00:28]} 54. Kc2 {[%clk 0:00:10]} Qg6+ {[%clk
0:00:25]} 55. Kb3 {[%clk 0:00:10]} Qc6 {[%clk 0:00:26]} 56. Rf4 {[%clk 0:00:07]}
c4+ {[%clk 0:00:26]} 57. Kc2 {[%clk 0:00:07]} Qg2+ {[%clk 0:00:29]} 58. Kd1
{[%clk 0:00:10]} Qh1+ {[%clk 0:00:28]} 59. Ke2 {[%clk 0:00:12]} Qh5+ {[%clk
0:00:32]} 60. Ke3 {[%clk 0:00:15]} a4 {[%clk 0:00:29]} 61. Bd4 {[%clk 0:00:06]}
Qh3+ {[%clk 0:00:27]} 62. Rf3 {[%clk 0:00:09]} Qe6+ {[%clk 0:00:28]} 63. Kf2
{[%clk 0:00:09]} Qg6 {[%clk 0:00:29]} 64. Be5 {[%clk 0:00:10]} c3 {[%clk
0:00:27]} 65. bxc3 {[%clk 0:00:10]} b3 {[%clk 0:00:27]} 66. axb3 {[%clk 0:00:15]}
axb3 {[%clk 0:00:36]} 67. c4 {[%clk 0:00:15]} b2 {[%clk 0:00:40]} 68. Bxb2 {[%clk
0:00:15]} Qc2+ {[%clk 0:00:40]} 69. Kg3 {[%clk 0:00:06]} Qxb2 {[%clk 0:00:50]}
70. Nh6+ {[%clk 0:00:09]} Kxg7 {[%clk 0:00:54]} 71. Nf5+ {[%clk 0:00:13]} Kh8
{[%clk 0:00:49]} 72. Rf4 {[%clk 0:00:15]} Qc3+ {[%clk 0:00:49]} 73. Kg4 {[%clk
0:00:18]} Qe5 {[%clk 0:00:36]} 74. Nh4 {[%clk 0:00:14]} Nf6+ {[%clk 0:00:37]} 75.
Kh3 {[%clk 0:00:12]} Kh7 {[%clk 0:00:28]} 76. Rf5 {[%clk 0:00:16]} Qe6 {[%clk
0:00:28]} 77. c5 {[%clk 0:00:18]} Ne4 {[%clk 0:00:27]} 78. Kh2 {[%clk 0:00:20]}
Qa2+ {[%clk 0:00:22]} 79. Kh3 {[%clk 0:00:17]} Qb3+ {[%clk 0:00:26]} 80. Kg4
{[%clk 0:00:18]} Qg3+ {[%clk 0:00:27]} 81. Kh5 {[%clk 0:00:22]} Qg5+ {[%clk
0:00:30]} 0-1

[Event "Campeonato de España Rapid 2017"]
[Site "Linares"]
[Date "2017.08.13"]
[Round "9"]
[White "Ljubojevic, Ljubomir"]
[Black "Salgado Lopez, Ivan"]
[Result "0-1"]
[Board "5"]
[WhiteTitle "GM"]
[WhiteElo "2524"]
[WhiteCountry "SRB"]
[WhiteFideId "900010"]
[WhiteEloChange "-3"]
[BlackTitle "GM"]
[BlackElo "2666"]
[BlackCountry "ESP"]
[BlackFideId "2257327"]
[BlackEloChange "3"]

1. d4 {[%clk 0:15:09]} Nf6 {[%clk 0:15:10]} 2. c4 {[%clk 0:15:12]} e6 {[%clk
0:15:14]} 3. Nf3 {[%clk 0:15:14]} b6 {[%clk 0:15:15]} 4. g3 {[%clk 0:14:58]} Bb7
{[%clk 0:15:16]} 5. Bg2 {[%clk 0:15:02]} Bb4+ {[%clk 0:15:18]} 6. Bd2 {[%clk
0:15:02]} a5 {[%clk 0:15:21]} 7. Nc3 {[%clk 0:14:47]} Bxc3 {[%clk 0:14:57]} 8.
Bxc3 {[%clk 0:14:51]} d6 {[%clk 0:14:46]} 9. O-O {[%clk 0:14:27]} Nbd7 {[%clk
0:14:49]} 10. Re1 {[%clk 0:13:33]} O-O {[%clk 0:14:49]} 11. Qd3 {[%clk 0:13:34]}
Be4 {[%clk 0:14:50]} 12. Qe3 {[%clk 0:13:37]} c6 {[%clk 0:14:46]} 13. Bh3 {[%clk
0:13:27]} b5 {[%clk 0:14:25]} 14. Nd2 {[%clk 0:13:09]} Bg6 {[%clk 0:14:27]} 15.
a3 {[%clk 0:12:28]} Nb6 {[%clk 0:14:05]} 16. b3 {[%clk 0:10:47]} a4 {[%clk
0:14:00]} 17. Bb4 {[%clk 0:10:29]} Re8 {[%clk 0:12:34]} 18. Bg2 {[%clk 0:10:33]}
d5 {[%clk 0:12:31]} 19. cxb5 {[%clk 0:09:58]} cxb5 {[%clk 0:12:32]} 20. bxa4
{[%clk 0:08:18]} Rxa4 {[%clk 0:12:29]} 21. Nb3 {[%clk 0:08:12]} Nc4 {[%clk
0:12:18]} 22. Qc1 {[%clk 0:08:15]} Nd7 {[%clk 0:12:16]} 23. Bf1 {[%clk 0:08:03]}
h6 {[%clk 0:11:43]} 24. e3 {[%clk 0:07:37]} Qf6 {[%clk 0:11:42]} 25. Be2 {[%clk
0:06:55]} Rc8 {[%clk 0:11:09]} 26. Nc5 {[%clk 0:06:38]} Nxc5 {[%clk 0:11:09]} 27.
Bxc5 {[%clk 0:06:41]} Be4 {[%clk 0:11:03]} 28. f3 {[%clk 0:06:06]} Bg6 {[%clk
0:10:52]} 29. Kf2 {[%clk 0:06:02]} e5 {[%clk 0:10:45]} 30. Kg2 {[%clk 0:05:48]}
e4 {[%clk 0:10:35]} 31. f4 {[%clk 0:05:39]} Bf5 {[%clk 0:10:18]} 32. h3 {[%clk
0:05:35]} h5 {[%clk 0:09:01]} 33. Bxh5 {[%clk 0:05:14]} Qh6 {[%clk 0:09:04]} 34.
Bg4 {[%clk 0:05:16]} Bxg4 {[%clk 0:09:01]} 35. hxg4 {[%clk 0:05:20]} Qe6 {[%clk
0:08:31]} 36. Qd1 {[%clk 0:03:44]} Nb2 {[%clk 0:08:17]} 37. f5 {[%clk 0:03:08]}
Qf6 {[%clk 0:07:52]} 38. Qb3 {[%clk 0:02:41]} Nd3 {[%clk 0:07:46]} 39. Qxd5
{[%clk 0:02:45]} Rc4 {[%clk 0:06:00]} 40. Rh1 {[%clk 0:00:58]} Nxc5 {[%clk
0:05:53]} 41. Ra2 {[%clk 0:00:49]} Na4 {[%clk 0:05:18]} 42. Rf2 {[%clk 0:00:38]}
Nc3 {[%clk 0:05:00]} 43. Qe5 {[%clk 0:00:32]} Qxe5 {[%clk 0:04:41]} 44. dxe5
{[%clk 0:00:36]} Nd5 {[%clk 0:04:33]} 45. Re2 {[%clk 0:00:25]} Re8 {[%clk
0:04:16]} 0-1

[Event "Campeonato de España Rapid 2017"]
[Site "Linares"]
[Date "2017.08.13"]
[Round "9"]
[White "Martinez Duany, Lelys Stanley"]
[Black "Dvirnyy, Danyyil"]
[Result "0-1"]
[Board "7"]
[WhiteTitle "GM"]
[WhiteElo "2615"]
[WhiteCountry "CUB"]
[WhiteFideId "3504727"]
[WhiteEloChange "-6"]
[BlackTitle "GM"]
[BlackElo "2555"]
[BlackCountry "ITA"]
[BlackFideId "817570"]
[BlackEloChange "6"]

1. Nf3 {[%clk 0:15:05]} d5 {[%clk 0:15:07]} 2. d4 {[%clk 0:15:05]} Nf6 {[%clk
0:15:09]} 3. c4 {[%clk 0:15:07]} c6 {[%clk 0:15:13]} 4. Qc2 {[%clk 0:15:09]} dxc4
{[%clk 0:15:16]} 5. Qxc4 {[%clk 0:15:12]} Bg4 {[%clk 0:15:20]} 6. Nc3 {[%clk
0:15:12]} Nbd7 {[%clk 0:15:23]} 7. Bf4 {[%clk 0:15:14]} Bxf3 {[%clk 0:14:43]} 8.
gxf3 {[%clk 0:15:16]} g6 {[%clk 0:14:46]} 9. Qb3 {[%clk 0:14:11]} Qb6 {[%clk
0:13:55]} 10. e4 {[%clk 0:13:50]} Bg7 {[%clk 0:13:46]} 11. e5 {[%clk 0:12:38]}
Nh5 {[%clk 0:12:26]} 12. Be3 {[%clk 0:12:37]} O-O {[%clk 0:12:23]} 13. f4 {[%clk
0:12:16]} Qxb3 {[%clk 0:10:44]} 14. axb3 {[%clk 0:12:17]} Bh6 {[%clk 0:09:09]}
15. f5 {[%clk 0:06:46]} Bxe3 {[%clk 0:09:13]} 16. fxe3 {[%clk 0:06:49]} gxf5
{[%clk 0:09:16]} 17. b4 {[%clk 0:06:33]} a6 {[%clk 0:08:43]} 18. Bc4 {[%clk
0:05:43]} Nb6 {[%clk 0:07:25]} 19. Bb3 {[%clk 0:05:38]} e6 {[%clk 0:07:22]} 20.
Kd2 {[%clk 0:05:02]} Kh8 {[%clk 0:07:21]} 21. Rhg1 {[%clk 0:04:19]} Rg8 {[%clk
0:07:23]} 22. Kd3 {[%clk 0:04:23]} Rg6 {[%clk 0:06:18]} 23. e4 {[%clk 0:04:09]}
Ng7 {[%clk 0:06:04]} 24. h4 {[%clk 0:03:33]} Rd8 {[%clk 0:06:07]} 25. Ne2 {[%clk
0:03:32]} Nd7 {[%clk 0:04:43]} 26. Ke3 {[%clk 0:03:30]} Nf8 {[%clk 0:04:30]} 27.
Bc2 {[%clk 0:03:17]} Rxg1 {[%clk 0:03:45]} 28. Rxg1 {[%clk 0:03:18]} fxe4 {[%clk
0:03:44]} 29. Bxe4 {[%clk 0:03:13]} Ng6 {[%clk 0:03:47]} 30. Rh1 {[%clk 0:02:25]}
Ne7 {[%clk 0:03:24]} 31. h5 {[%clk 0:01:57]} Ngf5+ {[%clk 0:03:28]} 32. Kd3
{[%clk 0:01:22]} h6 {[%clk 0:03:31]} 33. Rg1 {[%clk 0:01:19]} Ra8 {[%clk
0:01:27]} 34. Nc3 {[%clk 0:01:09]} a5 {[%clk 0:01:24]} 35. b5 {[%clk 0:00:52]}
Rd8 {[%clk 0:01:24]} 36. Ne2 {[%clk 0:00:52]} cxb5 {[%clk 0:01:23]} 37. Bxb7
{[%clk 0:00:54]} Rb8 {[%clk 0:00:51]} 38. Be4 {[%clk 0:00:56]} Rc8 {[%clk
0:00:55]} 39. Ra1 {[%clk 0:00:40]} a4 {[%clk 0:00:51]} 40. Nc3 {[%clk 0:00:37]}
Rb8 {[%clk 0:00:54]} 41. d5 {[%clk 0:00:30]} exd5 {[%clk 0:00:56]} 42. Nxd5
{[%clk 0:00:27]} Rd8 {[%clk 0:00:58]} 43. Bxf5 {[%clk 0:00:17]} Rxd5+ {[%clk
0:01:02]} 44. Ke4 {[%clk 0:00:20]} Rc5 {[%clk 0:01:06]} 45. Bd7 {[%clk 0:00:20]}
Rc4+ {[%clk 0:00:53]} 46. Kd3 {[%clk 0:00:16]} Rc5 {[%clk 0:00:54]} 47. Ke4
{[%clk 0:00:20]} Rc4+ {[%clk 0:00:46]} 48. Kd3 {[%clk 0:00:24]} Nc6 {[%clk
0:00:50]} 49. Bxc6 {[%clk 0:00:19]} Rxc6 {[%clk 0:00:54]} 50. Rf1 {[%clk
0:00:22]} Kg7 {[%clk 0:00:58]} 51. Rf4 {[%clk 0:00:23]} Rc5 {[%clk 0:01:00]} 52.
Re4 {[%clk 0:00:17]} Kf8 {[%clk 0:00:58]} 53. Ke3 {[%clk 0:00:10]} Ke7 {[%clk
0:01:02]} 54. Kf4 {[%clk 0:00:14]} Rc4 {[%clk 0:01:03]} 0-1

[Event "Campeonato de España Rapid 2017"]
[Site "Linares"]
[Date "2017.08.13"]
[Round "9"]
[White "Forcen Esteban, Daniel"]
[Black "Arizmendi Martinez, Julen Luis"]
[Result "1/2-1/2"]
[Board "9"]
[WhiteTitle "GM"]
[WhiteElo "2523"]
[WhiteCountry "ESP"]
[WhiteFideId "2288230"]
[WhiteEloChange "1"]
[BlackTitle "GM"]
[BlackElo "2586"]
[BlackCountry "ESP"]
[BlackFideId "2205092"]
[BlackEloChange "-1"]

1. d4 {[%clk 0:15:07]} Nf6 {[%clk 0:15:07]} 2. c4 {[%clk 0:15:10]} e6 {[%clk
0:15:08]} 3. Nf3 {[%clk 0:15:13]} d5 {[%clk 0:15:11]} 4. e3 {[%clk 0:15:17]} a6
{[%clk 0:14:34]} 5. Nbd2 {[%clk 0:14:52]} c5 {[%clk 0:13:40]} 6. cxd5 {[%clk
0:14:37]} exd5 {[%clk 0:13:41]} 7. b3 {[%clk 0:14:39]} Nc6 {[%clk 0:12:52]} 8.
Bb2 {[%clk 0:14:36]} Bd6 {[%clk 0:12:13]} 9. Be2 {[%clk 0:14:17]} O-O {[%clk
0:11:01]} 10. O-O {[%clk 0:14:20]} Re8 {[%clk 0:10:36]} 11. Rc1 {[%clk 0:14:03]}
cxd4 {[%clk 0:10:18]} 12. Nxd4 {[%clk 0:14:06]} Bd7 {[%clk 0:10:19]} 13. Qc2
{[%clk 0:13:36]} Rc8 {[%clk 0:09:06]} 14. Nxc6 {[%clk 0:12:44]} bxc6 {[%clk
0:07:02]} 15. Bxf6 {[%clk 0:11:14]} Qxf6 {[%clk 0:07:06]} 16. Bxa6 {[%clk
0:11:17]} Ra8 {[%clk 0:06:50]} 17. Bd3 {[%clk 0:11:19]} Qh6 {[%clk 0:06:35]} 18.
g3 {[%clk 0:10:49]} Qh5 {[%clk 0:05:20]} 19. Rfe1 {[%clk 0:10:27]} Bb4 {[%clk
0:04:49]} 20. e4 {[%clk 0:09:34]} Qh6 {[%clk 0:03:56]} 21. f4 {[%clk 0:09:32]}
Ba3 {[%clk 0:03:19]} 22. Rb1 {[%clk 0:09:15]} Qd6 {[%clk 0:02:59]} 23. e5 {[%clk
0:09:17]} Qc5+ {[%clk 0:02:59]} 24. Kg2 {[%clk 0:09:19]} Qxc2 {[%clk 0:03:00]}
25. Bxc2 {[%clk 0:09:23]} Bb4 {[%clk 0:03:04]} 26. Re2 {[%clk 0:09:14]} Rxa2
{[%clk 0:02:57]} 27. Nf3 {[%clk 0:09:09]} Rea8 {[%clk 0:02:47]} 28. Kf2 {[%clk
0:08:35]} c5 {[%clk 0:02:44]} 29. Kg2 {[%clk 0:07:16]} d4 {[%clk 0:02:12]} 30.
Rf2 {[%clk 0:07:10]} Bc6 {[%clk 0:02:01]} 31. g4 {[%clk 0:06:53]} g6 {[%clk
0:01:50]} 32. f5 {[%clk 0:06:37]} R8a3 {[%clk 0:01:42]} 33. Kg3 {[%clk 0:06:28]}
Bxf3 {[%clk 0:00:54]} 34. Kxf3 {[%clk 0:06:32]} c4 {[%clk 0:00:59]} 35. Be4
{[%clk 0:06:36]} Rxf2+ {[%clk 0:00:26]} 36. Kxf2 {[%clk 0:06:40]} Rxb3 {[%clk
0:00:26]} 37. Rxb3 {[%clk 0:06:34]} cxb3 {[%clk 0:00:35]} 38. fxg6 {[%clk
0:06:11]} hxg6 {[%clk 0:00:33]} 39. Kf3 {[%clk 0:04:55]} g5 {[%clk 0:00:27]} 40.
Bd3 {[%clk 0:04:47]} Bd2 {[%clk 0:00:23]} 41. Ke4 {[%clk 0:04:49]} Be3 {[%clk
0:00:24]} 42. Bc4 {[%clk 0:04:42]} b2 {[%clk 0:00:27]} 43. Bd3 {[%clk 0:04:46]}
Kf8 {[%clk 0:00:26]} 44. Kd5 {[%clk 0:04:49]} Ke7 {[%clk 0:00:29]} 45. Bf5 {[%clk
0:04:46]} Bg1 {[%clk 0:00:26]} 46. h3 {[%clk 0:04:45]} Be3 {[%clk 0:00:30]} 47.
Bd3 {[%clk 0:04:41]} Kd7 {[%clk 0:00:32]} 48. Be4 {[%clk 0:04:03]} Kc7 {[%clk
0:00:34]} 49. Kc4 {[%clk 0:04:07]} Kb6 {[%clk 0:00:35]} 50. Kb3 {[%clk 0:04:01]}
Bc1 {[%clk 0:00:32]} 51. Kc4 {[%clk 0:04:04]} Be3 {[%clk 0:00:33]} 52. Kb3 {[%clk
0:04:08]} Bf4 {[%clk 0:00:23]} 53. Kxb2 {[%clk 0:04:06]} Bxe5 {[%clk 0:00:27]}
54. Kc2 {[%clk 0:04:10]} Kc5 {[%clk 0:00:26]} 55. Kd3 {[%clk 0:04:14]} f6 {[%clk
0:00:23]} 1/2-1/2

[Event "Campeonato de España Rapid 2017"]
[Site "Linares"]
[Date "2017.08.13"]
[Round "9"]
[White "Saric, Ivan"]
[Black "Narciso Dublan, Marc"]
[Result "1/2-1/2"]
[Board "10"]
[WhiteTitle "GM"]
[WhiteElo "2586"]
[WhiteCountry "CRO"]
[WhiteFideId "14508150"]
[WhiteEloChange "-1"]
[BlackTitle "GM"]
[BlackElo "2516"]
[BlackCountry "ESP"]
[BlackFideId "2201500"]
[BlackEloChange "1"]

1. e4 {[%clk 0:15:08]} e6 {[%clk 0:15:10]} 2. d4 {[%clk 0:15:12]} d5 {[%clk
0:15:14]} 3. Nc3 {[%clk 0:15:16]} dxe4 {[%clk 0:15:18]} 4. Nxe4 {[%clk 0:15:20]}
Nd7 {[%clk 0:15:22]} 5. Nf3 {[%clk 0:15:22]} Ngf6 {[%clk 0:15:26]} 6. Bd3 {[%clk
0:15:16]} c5 {[%clk 0:15:30]} 7. O-O {[%clk 0:15:14]} cxd4 {[%clk 0:15:33]} 8.
Nxd4 {[%clk 0:15:12]} Nxe4 {[%clk 0:15:35]} 9. Bxe4 {[%clk 0:15:16]} Nf6 {[%clk
0:15:39]} 10. Bf3 {[%clk 0:15:11]} Be7 {[%clk 0:15:43]} 11. Re1 {[%clk 0:15:06]}
O-O {[%clk 0:15:45]} 12. c3 {[%clk 0:15:01]} Qc7 {[%clk 0:15:06]} 13. Qb3 {[%clk
0:15:03]} a6 {[%clk 0:14:55]} 14. Nc2 {[%clk 0:13:56]} Rb8 {[%clk 0:14:42]} 15.
Be3 {[%clk 0:13:32]} b6 {[%clk 0:14:29]} 16. Rad1 {[%clk 0:13:13]} e5 {[%clk
0:12:47]} 17. Nb4 {[%clk 0:13:01]} Be6 {[%clk 0:12:31]} 18. Qa4 {[%clk 0:11:45]}
Bxb4 {[%clk 0:09:25]} 19. cxb4 {[%clk 0:11:15]} Bg4 {[%clk 0:09:23]} 20. Rc1
{[%clk 0:10:56]} Qd6 {[%clk 0:07:53]} 21. Rc6 {[%clk 0:10:45]} Qd7 {[%clk
0:07:54]} 22. Rd1 {[%clk 0:08:17]} Qf5 {[%clk 0:07:58]} 23. Qc2 {[%clk 0:07:30]}
e4 {[%clk 0:05:36]} 24. Bxg4 {[%clk 0:06:58]} Nxg4 {[%clk 0:05:39]} 25. h3 {[%clk
0:05:54]} Nxe3 {[%clk 0:05:31]} 26. fxe3 {[%clk 0:05:58]} Rfe8 {[%clk 0:04:38]}
27. Rf1 {[%clk 0:05:46]} Qg5 {[%clk 0:04:30]} 28. Rf4 {[%clk 0:05:18]} a5 {[%clk
0:03:41]} 29. Qc4 {[%clk 0:05:15]} Rf8 {[%clk 0:00:59]} 30. Rc7 {[%clk 0:05:19]}
h6 {[%clk 0:00:57]} 31. Rcxf7 {[%clk 0:05:13]} Rxf7 {[%clk 0:00:56]} 32. Qxf7+
{[%clk 0:05:12]} Kh8 {[%clk 0:01:01]} 33. Rxe4 {[%clk 0:05:11]} axb4 {[%clk
0:00:58]} 34. Re8+ {[%clk 0:04:39]} Rxe8 {[%clk 0:01:02]} 35. Qxe8+ {[%clk
0:04:43]} Kh7 {[%clk 0:01:06]} 36. Qe4+ {[%clk 0:04:47]} Kh8 {[%clk 0:01:07]} 37.
h4 {[%clk 0:03:20]} Qc5 {[%clk 0:01:11]} 38. b3 {[%clk 0:03:02]} Qc1+ {[%clk
0:00:46]} 39. Kh2 {[%clk 0:03:05]} Qd2 {[%clk 0:00:37]} 40. h5 {[%clk 0:02:38]}
Qxa2 {[%clk 0:00:13]} 41. Qxb4 {[%clk 0:02:40]} Qf2 {[%clk 0:00:15]} 42. Qf4
{[%clk 0:02:38]} Qe1 {[%clk 0:00:12]} 43. e4 {[%clk 0:01:48]} Qb4 {[%clk
0:00:17]} 44. Qf3 {[%clk 0:01:46]} Qc5 {[%clk 0:00:09]} 45. Kh3 {[%clk 0:01:34]}
Qc8+ {[%clk 0:00:11]} 46. g4 {[%clk 0:01:20]} Qc5 {[%clk 0:00:08]} 47. Qg3 {[%clk
0:01:09]} Kg8 {[%clk 0:00:08]} 48. Qd3 {[%clk 0:00:46]} Qf2 {[%clk 0:00:08]} 49.
e5 {[%clk 0:00:39]} Qe1 {[%clk 0:00:02]} 50. Qd5+ {[%clk 0:00:34]} Kh8 {[%clk
0:00:10]} 51. e6 {[%clk 0:00:32]} Qe3+ {[%clk 0:00:11]} 52. Kg2 {[%clk 0:00:28]}
Qe2+ {[%clk 0:00:16]} 53. Kg3 {[%clk 0:00:30]} Qe3+ {[%clk 0:00:20]} 54. Qf3
{[%clk 0:00:29]} Qxe6 {[%clk 0:00:24]} 55. Qf8+ {[%clk 0:00:32]} Kh7 {[%clk
0:00:22]} 56. Qf5+ {[%clk 0:00:35]} Qxf5 {[%clk 0:00:22]} 57. gxf5 {[%clk
0:00:40]} Kg8 {[%clk 0:00:31]} 58. Kf4 {[%clk 0:00:44]} Kf7 {[%clk 0:00:35]} 59.
Ke5 {[%clk 0:00:48]} Ke7 {[%clk 0:00:40]} 60. b4 {[%clk 0:00:51]} b5 {[%clk
0:00:40]} 61. Kd5 {[%clk 0:00:47]} Kf6 {[%clk 0:00:45]} 62. Kc5 {[%clk 0:00:52]}
Kxf5 {[%clk 0:00:49]} 63. Kxb5 {[%clk 0:00:56]} g5 {[%clk 0:00:54]} 64. hxg6
{[%clk 0:00:59]} Kxg6 {[%clk 0:00:58]} 65. Kc5 {[%clk 0:00:50]} h5 {[%clk
0:01:02]} 66. b5 {[%clk 0:00:23]} h4 {[%clk 0:01:06]} 67. b6 {[%clk 0:00:27]} h3
{[%clk 0:01:10]} 68. b7 {[%clk 0:00:31]} h2 {[%clk 0:01:14]} 69. b8Q {[%clk
0:00:34]} h1Q {[%clk 0:01:17]} 1/2-1/2

[Event "Campeonato de España Rapid 2017"]
[Site "Linares"]
[Date "2017.08.13"]
[Round "9"]
[White "Montoliu Cervero, Francisco"]
[Black "Korneev, Oleg"]
[Result "0-1"]
[Board "11"]
[WhiteTitle "FM"]
[WhiteElo "2358"]
[WhiteCountry "ESP"]
[WhiteFideId "2214814"]
[WhiteEloChange "-4"]
[BlackTitle "GM"]
[BlackElo "2577"]
[BlackCountry "ESP"]
[BlackFideId "4156803"]
[BlackEloChange "2"]

1. e4 {[%clk 0:15:08]} c5 {[%clk 0:15:10]} 2. Nf3 {[%clk 0:15:12]} e6 {[%clk
0:15:14]} 3. d4 {[%clk 0:15:16]} cxd4 {[%clk 0:15:18]} 4. Nxd4 {[%clk 0:15:19]}
a6 {[%clk 0:15:16]} 5. Nc3 {[%clk 0:14:52]} Qc7 {[%clk 0:15:19]} 6. Be2 {[%clk
0:14:49]} b5 {[%clk 0:15:10]} 7. f4 {[%clk 0:14:35]} Bb7 {[%clk 0:14:32]} 8. Bf3
{[%clk 0:14:36]} b4 {[%clk 0:13:13]} 9. Na4 {[%clk 0:12:08]} Nf6 {[%clk 0:12:59]}
10. Qd3 {[%clk 0:11:48]} d6 {[%clk 0:08:53]} 11. O-O {[%clk 0:09:51]} Nbd7 {[%clk
0:08:52]} 12. c4 {[%clk 0:09:38]} bxc3 {[%clk 0:08:00]} 13. Nxc3 {[%clk 0:09:29]}
Be7 {[%clk 0:07:39]} 14. Bd2 {[%clk 0:08:24]} O-O {[%clk 0:07:36]} 15. Kh1 {[%clk
0:08:08]} Nc5 {[%clk 0:05:32]} 16. Qe2 {[%clk 0:08:05]} d5 {[%clk 0:05:00]} 17.
exd5 {[%clk 0:07:02]} Nxd5 {[%clk 0:04:50]} 18. Nxd5 {[%clk 0:06:59]} Bxd5 {[%clk
0:04:38]} 19. Bxd5 {[%clk 0:06:47]} exd5 {[%clk 0:04:42]} 20. Rac1 {[%clk
0:06:48]} Qd7 {[%clk 0:04:39]} 21. Bb4 {[%clk 0:06:08]} Rfe8 {[%clk 0:04:30]} 22.
Bxc5 {[%clk 0:05:49]} Bxc5 {[%clk 0:04:32]} 23. Qd3 {[%clk 0:05:53]} Bxd4 {[%clk
0:04:26]} 24. Qxd4 {[%clk 0:05:56]} Re4 {[%clk 0:04:26]} 25. Qd3 {[%clk 0:05:59]}
Qe6 {[%clk 0:02:43]} 26. f5 {[%clk 0:05:31]} Qe5 {[%clk 0:02:39]} 27. f6 {[%clk
0:05:30]} gxf6 {[%clk 0:01:33]} 28. Rc6 {[%clk 0:04:12]} Re3 {[%clk 0:01:24]} 29.
Qd1 {[%clk 0:03:52]} f5 {[%clk 0:01:01]} 30. h3 {[%clk 0:03:09]} d4 {[%clk
0:00:51]} 31. b4 {[%clk 0:02:27]} Qe4 {[%clk 0:00:37]} 32. Rh6 {[%clk 0:02:26]}
d3 {[%clk 0:00:26]} 33. Qh5 {[%clk 0:02:15]} Rg3 {[%clk 0:00:20]} 34. Rg1 {[%clk
0:02:01]} f4 {[%clk 0:00:14]} 35. Rd6 {[%clk 0:01:32]} Re8 {[%clk 0:00:09]} 36.
Rd7 {[%clk 0:01:12]} Rg6 {[%clk 0:00:08]} 37. Qd1 {[%clk 0:01:04]} Rg3 {[%clk
0:00:06]} 38. Qh5 {[%clk 0:00:51]} Qg6 {[%clk 0:00:07]} 39. Qxg6+ {[%clk
0:00:32]} hxg6 {[%clk 0:00:11]} 40. Rd1 {[%clk 0:00:36]} Re2 {[%clk 0:00:11]} 41.
R7xd3 {[%clk 0:00:36]} Rgxg2 {[%clk 0:00:15]} 42. a4 {[%clk 0:00:37]} Rh2+ {[%clk
0:00:12]} 43. Kg1 {[%clk 0:00:41]} Reg2+ {[%clk 0:00:16]} 44. Kf1 {[%clk
0:00:45]} Rb2 {[%clk 0:00:18]} 45. Kg1 {[%clk 0:00:49]} Rhg2+ {[%clk 0:00:19]}
46. Kh1 {[%clk 0:00:50]} Rgc2 {[%clk 0:00:17]} 47. b5 {[%clk 0:00:28]} axb5
{[%clk 0:00:20]} 48. axb5 {[%clk 0:00:31]} Rxb5 {[%clk 0:00:22]} 49. Rf3 {[%clk
0:00:32]} g5 {[%clk 0:00:19]} 50. Rg1 {[%clk 0:00:27]} Kh7 {[%clk 0:00:19]} 51.
Rgf1 {[%clk 0:00:22]} Rbb2 {[%clk 0:00:17]} 52. Ra1 {[%clk 0:00:26]} Rh2+ {[%clk
0:00:14]} 53. Kg1 {[%clk 0:00:30]} Rbg2+ {[%clk 0:00:18]} 54. Kf1 {[%clk
0:00:35]} Rh1+ {[%clk 0:00:11]} 55. Kxg2 {[%clk 0:00:38]} Rxa1 {[%clk 0:00:15]}
56. Rb3 {[%clk 0:00:41]} Ra2+ {[%clk 0:00:12]} 57. Kf3 {[%clk 0:00:40]} Kg6
{[%clk 0:00:14]} 58. Rb6+ {[%clk 0:00:15]} f6 {[%clk 0:00:15]} 59. Rb3 {[%clk
0:00:14]} Rh2 {[%clk 0:00:16]} 60. Ke4 {[%clk 0:00:16]} Re2+ {[%clk 0:00:10]} 61.
Kf3 {[%clk 0:00:17]} Re3+ {[%clk 0:00:09]} 62. Rxe3 {[%clk 0:00:21]} fxe3 {[%clk
0:00:13]} 63. Kxe3 {[%clk 0:00:25]} Kh5 {[%clk 0:00:15]} 64. Kf3 {[%clk 0:00:25]}
Kh4 {[%clk 0:00:19]} 65. Kg2 {[%clk 0:00:29]} g4 {[%clk 0:00:20]} 0-1